[Event "RUS-ch Superfinal"]
[Site "Moscow"]
[Date "2005.12.22"]
[Round "4"]
[White "Bareev, Evgeny"]
[Black "Volkov, Sergey"]
[Result "1-0"]
[WhiteElo "2675"]
[BlackElo "2614"]
[Annotator "Ribli,Z"]
[PlyCount "69"]
[EventDate "2005.12.19"]
[EventType "tourn"]
[EventRounds "11"]
[EventCountry "RUS"]
[EventCategory "17"]
[SourceTitle "CBM 111"]
[Source "ChessBase"]
[SourceDate "2006.04.04"]
[SourceVersion "1"]
[SourceVersionDate "2006.04.04"]
[SourceQuality "1"]

1. c4 Nf6 2. Nc3 e5 3. Nf3 Nc6 4. g3 Nd4 5. Bg2 Nxf3+ 6. Bxf3 Bc5 (6... Bb4 $5
{Einen Tag früher spielte Schwarz diese Fortsetzung in der Partie Tomashevsky,
E - Svidler,P.}) 7. O-O O-O 8. e3 (8. d3 h6 9. a3 a6 10. e3 Ba7 11. b4 c6 12.
d4 exd4 13. exd4 d5 14. cxd5 Nxd5 15. Nxd5 cxd5 16. Be3 Bh3 $11 {1/2-1/2
Bacrot,E-Sutovsky,E/Albert FRA 2001/CBM 109/[Ribli Zoltan] (42)}) 8... d6 (8...
Bb4 9. Bg2 Bxc3 10. bxc3 c6 (10... e4 $1 11. f3 exf3 12. Qxf3 d6 13. d3 Nd7 $1
14. e4 Ne5 15. Qe2 Bg4 $11) 11. e4 Re8 12. a4 d6 13. d3 Bg4 14. f3 Bh5 15. Rb1
b6 16. a5 (16. g4 $1 Bg6 17. f4 $16) 16... Nd7 {1/2-1/2 Ivanchuk,V-Seirawan,Y/
Groningen 1997/CBM 109/[Ribli Zoltan] (29)}) 9. d4 (9. a3 Bb6 (9... Re8 10. d4
Bb6 11. dxe5 dxe5 12. Qxd8 Rxd8 13. Nd5 Nxd5 14. cxd5 Bf5 15. e4 Bd7 16. Re1
Bd4 17. Be3 c5 {1/2-1/2 Lalic,B-Balcerak,J/Germany 2004/EXT 2006 (29)}) 10. d4
c6 11. d5 Bh3 12. Re1 Rc8 13. Qd3 Qd7 14. Na4 Bc7 15. Nc3 {Weiß möchte die
Züge wiederholen.} Ng4 16. dxc6 bxc6 17. c5 d5 $15 {0-1 Olafsson,H-Aronian,L/
Reykjavik ISL 2004/CBM 109/[Ribli Zoltan] (40)}) 9... Bb4 (9... Bb6 10. b3 c6
11. d5 c5 12. Bg2 Ba5 13. Ne2 Bf5 14. Bb2 Qe7 15. f3 Rae8 16. e4 Bg6 17. g4 h5
18. Ng3 Bd8 {0-1 Sasseville,J-Gilman,A/Beloeil 2000/EXT 2004 (70) Ribli Zoltan}
) 10. Nd5 $5 $146 (10. Qb3 Bxc3 11. Qxc3 e4 12. Bg2 Bg4 13. d5 Qd7 14. b3 Qf5
15. Bb2 Rfe8 16. Rfe1 h5 $11) (10. Ne2 e4 11. Bg2 c6 12. a3 Ba5 13. b4 Bb6 14.
d5 cxd5 15. cxd5 Re8 16. Bb2 Ng4 17. Nf4 f5 18. Qb3 Ne5 19. Rfd1 Qe7 20. a4 $36
{1/2-1/2 Damljanovic,B-Bacrot,E/Gothenburg 2005/CBM 109 (35)}) 10... Nxd5 11.
cxd5 {[%csl Gd4,Gd5][%cal Yc1c7] Diese Bauernstruktur ist typisch in der
Englischen Eröffnung (1.c4 e5 Variante); der b4B steht ein wenig exponiert.}
Bh3 $2 {[%mdl 8192] Schwarz zog wohl nur die Antwort 12.Re1 ernsthaft in
Betracht, aber mit dem folgenden Zug folgt eine Überraschung.} (11... exd4) (
11... Ba5 {[%cal Ga5b6]}) {[#]} 12. Qa4 $1 {[%csl Rb4] Ein für Schwarz sicher
unerwarteter Zug.} (12. Bg2 Bxg2 13. Kxg2 Ba5) 12... Bxf1 {[%csl Rb4]} 13. Kxf1
a5 (13... e4 14. Be2 (14. Bxe4 $2 Qe8) 14... c5 15. dxc6 Ba5 16. b4 Bb6 17.
cxb7 Rb8 18. Qc6 Qe7 19. Ba6) 14. a3 Re8 15. Qd1 (15. axb4 axb4 16. Qxa8 Qxa8
17. Rxa8 Rxa8 18. Ke2 $16) 15... e4 (15... exd4 16. axb4 $16) 16. Be2 (16. Bg2)
16... c6 17. axb4 (17. dxc6 bxc6 18. axb4 axb4 19. Bd2 $16) 17... axb4 18. Bd2
Qb6 (18... c5 19. Bb5) 19. Rc1 $1 c5 (19... cxd5 $2 20. Qb3 $18) 20. Qb3 Ra5 (
20... cxd4 21. exd4 Qxd4 22. Be3 $16) 21. Kg2 g6 22. h4 (22. dxc5 dxc5 23. f3)
22... h5 23. Rd1 Rd8 24. Qc2 f5 $2 (24... Re8 $1) 25. dxc5 dxc5 26. f3 $1 {
[%csl Gd2,Ge2] Mit seinem Läuferpaar öffnet Weiß die Stellung.} exf3+ 27. Bxf3
Qf6 28. e4 fxe4 29. Bxe4 $18 {[%csl Gd2,Ge4,Rg8][%cal Rd2g5,Rg5d8,Rc2g6][%mdl
2048]} Ra2 30. Bc1 Rf8 31. d6 (31. Qxc5 $18) 31... Kh7 32. Qxc5 Ra5 33. Qxa5
Qf2+ 34. Kh3 Qe2 35. Bxg6+ $1 (35. Qd5 $18) (35. Bxg6+ $1 Kxg6 36. Qg5+ Kh7 37.
Qe7+ $18) 1-0

[Event "RUS-ch51"]
[Site "St Petersburg"]
[Date "1998.08.03"]
[Round "7"]
[White "Kobalia, Mihail"]
[Black "Solozhenkin, Evgeniy"]
[Result "1-0"]
[WhiteElo "2505"]
[BlackElo "2535"]
[Annotator "Ribli,Z"]
[PlyCount "71"]
[EventDate "1998.07.28"]
[EventType "swiss"]
[EventRounds "11"]
[EventCountry "RUS"]
[SourceTitle "CBM 067"]
[Source "ChessBase"]
[SourceDate "1998.11.30"]
[SourceVersion "2"]
[SourceVersionDate "1998.11.01"]
[SourceQuality "1"]

{[%mdl 64] Das ist eine Überraschung. Der Weißspieler beginnt die Partie sonst
hauptsächlich mit 1.e4. Ribli.} 1. c4 e5 2. Nc3 Nf6 3. g3 d5 4. cxd5 Nxd5 5.
Bg2 Nb6 6. Nf3 Nc6 7. O-O Be7 {Das ist die "umgekehrte Drachenvariante", denn
Weiß spielt den Sizilianischen Drachenaufbau mit Mehrtempo.} 8. Rb1 {Das ist
eine interessante Zugfolge. Weiß bereitet den Vorstoß b2-b4 ohne den Zug a2-a3
vor.} f6 $6 {Meines Erachtens sind die Alternativen besser als der Partiezug.}
(8... O-O $5 9. b4 a6 (9... e4 10. Nxe4 Nxb4 11. a3 N4d5 12. Qc2 Re8 (12... Nf6
13. Nc3 c6 14. e4 Nc4 15. Qa2 Na5 16. d4 Bg4 17. Be3 Be6 18. d5 cxd5 19. Nd4
Rc8 20. Nxd5 Bxd5 21. exd5 Ng4 22. Bf4 Bc5 23. Nf3 Nc4 24. Rxb7 $14 {1/2-1/2
Sorokin,M-Savon,V/Cheliabinsk 1991 (32)}) 13. Bb2 Bf5 14. d3 c6 15. Ned2 Nc7
16. a4 Bf8 17. e4 Bg6 18. Ne5 Na6 19. Bc3 Nc5 20. a5 Nba4 21. Ba1 Qxa5 22. d4
Ne6 23. f4 Nd8 24. f5 Bh5 25. g4 Rxe5 26. Nc4 Bxg4 27. Nxa5 {1-0
Azmaiparashvili,Z-Ernst,S/Lost Boys op 1998 (33)}) 10. a4 (10. a3 Re8 11. d3
Bf8 12. Bb2 Nd4 13. Nd2 c6 {0-1 Adorjan,A-Lin Weiguo/Shenzen 1992 (61)}) 10...
Nxb4 (10... Bf5 11. b5 $1 axb5 12. Rxb5 f6 13. d3 Be6 14. Bd2 Nd4 15. Rb1 c5
16. Ne4 $14 {1-0 Serper,G-Kamsky,G/Dortmund 1993 (60)}) 11. Nxe5 a5 12. d4 c6
13. f4 c5 $1 $36 {0-1 Kobalija,M-Tiviakov,S/Anibal op Linares 1998 (45)}) (8...
a5 $5) (8... g5) (8... Be6) 9. b4 $5 {Die Partiefortsetzung führt zu scharfem
Spiel, aber der Bauernzug 9.d4 scheint mir besser zu sein.} (9. d4 $1 exd4 10.
Nb5 Bf5 11. Bf4 Rc8 (11... Nd5 12. Nfxd4 Nxd4 13. Qxd4 (13. Nxd4 Bxb1 14. Ne6
Qd7 15. Bxd5) 13... Bxb1 14. Bxd5 c6 15. Nc7+ Qxc7 16. Bxc7 cxd5 17. Rxb1 {
1-0 Peschel,A-Kuhn,C/ Nuernberg 1996}) 12. Rc1 d3 13. exd3 Nd5 14. Nfd4 Nxf4
15. Nxf5 Nxg2 16. Rxc6 bxc6 17. Nxa7 {1-0 Khalifman,A-Tiviakov,S/Linares 1995 
(74)}) 9... Nxb4 (9... Bxb4 $6 10. Nxe5 $1 fxe5 11. Bxc6+ bxc6 12. Rxb4 $16 {
Weiß hat die viel bessere Bauernstruktur.}) 10. d4 {Schwarz hängt mit dem
König in der Mitte fest, ist aber in Besitz eines Mehrbauern.} Bf5 $1 (10...
Nc6 11. dxe5 fxe5 12. Qb3 Bf5 13. Rd1 Qc8 14. Ng5 Bxg5 15. Bxg5 Nd4 16. Qa3 c5
17. Rbc1 h6 18. Be3 O-O 19. Bxd4 cxd4 20. Nd5 Qd8 21. Ne7+ Kh8 22. Bxb7 {
1-0 Hodgson,J-Polgar,Z/Groningen 1993 (29)}) (10... exd4 $6 11. Nxd4) 11. Rb2 (
11. e4 Bg4 $15) 11... Nc6 12. Nh4 (12. dxe5 Qxd1 (12... fxe5 $6 13. Qb3 $44)
13. Rxd1 fxe5 14. Nd5 $13 (14. Ng5 $13)) 12... Bd7 13. dxe5 fxe5 14. Nf3 $1
$146 {[#]} (14. Be3 $6 Bxh4 15. gxh4 Qxh4 16. Nb5 Rc8 17. Bxb6 axb6 18. Qd5 Qf6
19. Rc1 Rf8 20. e3 Rf7 21. Qe4 g6 22. Rd2 Kf8 23. Nc3 Kg7 {0-1 Timman,
J-Tiviakiov,S/Wijk aan Zee 1995 (30)}) 14... O-O 15. Nd5 $44 e4 $2 {Dieser
natürliche Zug führt zu guten weißen Angriffschancen. Seine Alternativen sind
besser:} (15... Kh8 $5) (15... Be6 $5) 16. Nxb6 exf3 (16... axb6 17. Qd5+) 17.
Nxd7 fxg2 18. Qb3+ $1 (18. Qd5+ $6 Rf7 19. Kxg2 (19. Rd1 Bd6) (19. Re1 Bb4)
19... Bb4 $1 20. a3 $6 Bc3 21. Rb3 Bd4 22. e3 Qxd7 23. Qxd7 Rxd7 24. exd4 b6
$15) 18... Rf7 19. Rd1 $16 Qc8 20. Bf4 $1 (20. Qxb7 $2 Qxb7 21. Rxb7 Bd6 {
[%csl Rd7]}) 20... Bd6 21. Bxd6 Qxd7 (21... cxd6 22. Rxd6 Na5 23. Qb5 $1 (23.
Qd5 Qc1+ 24. Kxg2 Qxb2 25. Ne5 Qxe5 $1 26. Qxe5 Nc4 27. Qd5 Nxd6 28. Qxd6)
23... a6 (23... Nc4 24. Rc2 Nxd6 25. Rxc8+ Rxc8 26. Qd5 Nc4 27. Qe6 $1 $16 {
[%csl Ge6,Rf7,Rg8]}) 24. Qxa5 Qc1+ 25. Kxg2 Qxb2 26. Ne5 Qxe2 27. Rd8+ Rxd8 28.
Qxd8+ Rf8 29. Qd5+ Kh8 30. Nf7+ Kg8 31. Nh6+ Kh8 32. Qg8+ Rxg8 33. Nf7#) 22.
Bc5 $1 Qe8 (22... Qf5 23. Rd5 $1 (23. Qxb7 $2 Qxc5 24. Qxa8+ Rf8)) 23. Qxb7 h5
(23... Rb8 $2 24. Qxc6 $1 $18) 24. Rbd2 h4 25. gxh4 $1 {Weiß läßt 25...h3
nicht zu.} Rb8 26. Qa6 {Weiß hat die bessere Figurenkoordination.} Qe6 27. Qd3
{Der schwarze Bauer g2 verteidigt(!) die weiße Königsstellung.} Rf5 28. Be3 Ne5
29. Qe4 {[%csl Ge4][%cal Ge4e6]} (29. Qd5 $2 Nf3+ $19 {[%cal Rf5d5]}) 29... Qf6
(29... Re8) 30. Bg5 Qf7 31. Rd8+ Rxd8 32. Rxd8+ Kh7 33. f4 Nc4 34. Qa8 $18 {
[%csl Ga8,Gd8,Rh7] Der schwarze König befindet sich im Mattnetz.} Kg6 {Nur die
schwarze Zeitnot hat hier wohl eine rechtzeitige Aufgabe verhindert.} 35. Rh8
Nb6 36. h5# {Matt! Ein seltenes Bild in der Großmeisterpraxis.} 1-0

[Event "VISA GP"]
[Site "Reykjavik"]
[Date "1998.03.18"]
[Round "9"]
[White "Hansen, Curt"]
[Black "Westerinen, Heikki MJ"]
[Result "1-0"]
[WhiteElo "2595"]
[BlackElo "2410"]
[Annotator "Ribli,Z"]
[PlyCount "83"]
[EventDate "1998.03.10"]
[EventType "swiss"]
[EventRounds "9"]
[EventCountry "ISL"]
[SourceTitle "CBM 064"]
[Source "ChessBase"]
[SourceDate "1998.06.02"]
[SourceVersion "1"]
[SourceVersionDate "1998.06.02"]
[SourceQuality "1"]

1. c4 e5 2. Nc3 Nc6 3. Nf3 Nf6 4. g3 Nd4 {Eine relativ seltene Variante.} (4...
d5) (4... Bb4) (4... Bc5) 5. Bg2 (5. Nxe5 $2 Qe7 6. f4 d6 7. Nd3 Bf5 $36 {
Schwarz hat Entwicklungsvorspung und die weiße Königsstellung ist schwach.})
5... Nxf3+ 6. Bxf3 Bb4 {Die andere Möglichkeit für Schwarz ist 6...Bc5. Die
Partiefortsetzung führt zu ähnlichen Stellungen wie 7...Bc5 nach 7.Qb3.} (6...
Bc5 7. O-O O-O 8. d3 (8. e3 Bb4 9. Bg2 Bxc3 10. bxc3 e4 $1 (10... c6 11. e4 $5
Re8 12. a4 d6 13. d3 Bg4 14. f3 Bh5 15. Rb1 b6 16. g4 Bg6 17. f4 $16 {Weiß hat
großen Raumvorteil und das Läuferpaar.}) 11. f3 exf3 12. Qxf3 d6 13. d3 Nd7 $1
14. e4 Ne5 15. Qe2 Bg4 $11)) 7. Qb3 (7. Qc2 O-O 8. O-O Re8 9. d3 c6 10. Bg5 h6
11. Bxf6 Qxf6 12. Ne4 Qg6 $13) 7... Bc5 {Es scheint, daß Schwarz mit 6...Bb4 /
7...Bc5 ein Tempo verloren hat, aber in Wirklichkeit steht die weiße Dame
schlechter auf b3 als auf d1.} (7... a5 8. O-O O-O 9. d3 (9. Rd1 d6 10. d4 exd4
11. Rxd4 Nd7 $6 12. Qc2 Ne5 13. Be4 $14 {Uhlmann,W-Gelfand,B Debrecen 1989 CBM/
14 48/25}) 9... Re8 (9... d6 10. Bg5 Bxc3 11. Qxc3 h6 12. Bd2 Re8 13. Bg2 $14 {
Dank seines Läuferpaars steht Weiß etwas besser.}) 10. Bg5 Bxc3 11. bxc3 $1 h6
12. Bxf6 Qxf6 13. c5 $14 {1/2-1/2 Lalic,B-Ristic,N/Metz 1995 (25)}) 8. d3 (8.
Na4 Be7 9. O-O O-O 10. Rd1 c6 11. Nc3 d6 12. d4 Qc7 13. Qc2 Bh3 14. b3 h6 15.
Bb2 Nh7 16. c5 Ng5 17. cxd6 Nxf3+ 18. exf3 {1/2-1/2 Gulko,B-Nikolic,P/
Rubinstein mem 1996/CBM 55}) 8... h6 {Schwarz verhindert den möglichen
Läuferzug 9.Bg5.} (8... O-O 9. O-O c6 10. Bg5 h6 11. Bxf6 Qxf6 12. Ne4 Qe7 13.
Nxc5 Qxc5 14. Qc3 a5 $11 {Und auf den ersten Blick steht Weiß aktiver, aber
Schwarz kann die Entwicklung ruhig mit ...d7-d6 beenden.}) 9. O-O O-O 10. Bg2 (
10. Bd2 Re8 11. Rac1 Rb8 12. Qa4 $1 a6 13. b4 Bf8 14. b5 Bc5 15. bxa6 bxa6 16.
Rb1 Rb6 $1 {1/2-1/2 Hansen,C-Christiansen,L/Munich 1992 (31)}) (10. e3 a6 (
10... d6 11. Na4 $14 {Und Weiß kann sich das Läuferpaar verschaffen.}) (10...
Re8 11. Rd1 Bf8 12. Qc2 d6 13. d4 Bg4 14. Bxg4 Nxg4 $11 15. Qe4 exd4) 11. Rd1
$14 Ba7 12. d4 Qe7 13. dxe5 Qxe5 14. Nd5 $1 {[%csl Gd5]} Nxd5 15. cxd5 d6 16.
Bd2 Bc5 17. Bc3 Qf5 18. Bg2 a5 19. Bd4 $14 {[%csl Gd4] 1-0 Van Wely,L-Piket,J/
Hoogovens 1997 (31)}) (10. Na4 Be7 11. Be3 c6 $1 12. c5 d5 13. cxd6 Bxd6 14.
Rfc1 Qe7 15. Bc5 Rd8 $1 16. Bxd6 Qxd6 17. Nc5 Qe7 {Minasian,A-Nikolic,P/Erevan
1996/0-1 (70)}) 10... Re8 (10... c6) 11. h3 $5 {Das ist ein Wartezug. Weiß
legt sich noch nicht fest und mit folgendem Kh2 bereitet er f2-f4 vor.} (11.
Qc2 c6 12. Rb1 Bf8 13. e4 a6 14. b4 b5 15. c5 a5 16. a3 axb4 17. axb4 d6 18.
cxd6 Qxd6 19. h3 Be6 20. Rd1 Qd7 {0-1 Liebert,H-Kalinitschew,S/Halle-B 1987 
(27)}) 11... c6 12. Kh2 Qb6 13. Na4 $1 $14 Qa5 (13... Qxb3 14. axb3 d6 (14...
Bf8 15. Nb6 Rb8 16. Rxa7 Bc5 17. Be3 $16) 15. Bd2 {[%csl Rc5][%cal Gb3b4]}) 14.
Nxc5 Qxc5 15. e4 {Weiß kontrolliert mehr Raum, besitzt das Läuferpaar und die
Schwäche des Feldes d4 ist ohne Bedeutung.} Qe7 (15... d6 16. Be3 Qa5 17. f4
$14) (15... d5 16. cxd5 cxd5 17. exd5 $16) 16. Be3 d6 17. f4 $36 {Weiß hat
freie Hand am Königsflügel, aber Schwarz hat keine besonderen Schwächen, nur
eine etwas passive Stellung.} exf4 18. gxf4 $5 {[%cal Gf1g1,Gg1g8] Weiß
verstärkt seine Bauernmasse und öffnet gleichzeitig die g-Linie.} (18. Bxf4 Be6
{und Schwarz kann ...Rad8 mit der Idee ...d6-d5 ziehen.}) 18... Nh5 {[%csl Yg3]
[%cal Ge7h4]} 19. Qd1 {Die weiße Dame muß die schwarzen Drohungen am
Königsflügel neutralisieren.} (19. Bf3 $2 Qh4 $17) 19... Qh4 20. Qe1 Qxe1 21.
Raxe1 {Läuferpaar und Zentrumsübergewicht bieten Weiß die besseren Chancen.} f5
22. Bf3 Nf6 23. Bd4 $1 {[%csl Gd4] Der schwarzfarbige weiße Läufer dominiert
das Brett. Jetzt droht 24.Bxf6 und 24.e5.} fxe4 24. dxe4 Be6 25. Rg1 Kh7 (25...
Kf7 $2 26. e5 $16 {[%cal Gf3h5,Gh5e8]} dxe5 27. fxe5 Nd7 28. Bh5+ $16) 26. b3
Re7 (26... Rad8 27. Rg2 (27. Bxa7 $6 Ra8 {[%cal Ga8a2,Ga2h2]}) 27... c5 (27...
d5 28. Bxf6 gxf6 29. exd5 cxd5 30. cxd5 $16 (30. Bxd5 $16)) 28. Bc3 b6 $14) 27.
c5 dxc5 28. Bxc5 Rd7 29. f5 {Die weißen e/f-Bauern sich gefährlich, während
Schwarz kein Gegenspiel entfaltet.} Bf7 30. e5 Bh5 31. Bg2 $1 (31. Bxh5 Nxh5 {
[%cal Gd7d2,Gd2h2,Gd2a2,Gh5f4]}) 31... Ne8 $6 {Dieser passive Zug gefällt mir
nicht.} (31... Nd5 32. Be4 Nc3 33. Bc2 Rd2+ 34. Rg2 $14) 32. Be4 {[%csl Gc5,
Ge4,Ge5,Gf5,Rh7]} Kh8 33. Rg2 a6 {[%csl Yb6] Schwarz steht schlechter am
Königsflügel und hat Probleme mit seinem a-Bauern.} 34. Kg3 Rad8 35. Bb6 {
[%csl Gb6]} Rd1 36. Re3 R8d2 37. Rxd2 Rxd2 38. Rd3 $16 Re2 (38... Rxd3+ 39.
Bxd3 $16 {[%csl Re8] Der Springer e8 hat wegen der aktiven Aufstellung des
weißen Läuferpaares keine Möglichkeiten.} Kg8 40. Kh4 Bf3 (40... Bf7 41. e6 g5+
42. Kg3 Bh5 43. Bd4 $16) 41. Bc4+ Bd5 42. Bxd5+ cxd5 43. Kg4 Kf7 44. Bd8 g6 45.
e6+ Kg7 46. Kf4 $16) 39. Kf4 Rxa2 {[%csl Gb6,Ge4,Ge5,Re8,Gf5,Rh8] Schwarz hat
einen Bauern gewonnen,aber das ist alles. Weiß hat mehr als vollwertige
Kompensation für den Bauern.} 40. Bf3 $18 {Weiß tauscht den einzigen
Verteidiger des Ne8.} Bxf3 (40... Bf7 41. e6 Bg8 42. Rd8 Nf6 43. e7 $18) 41.
Kxf3 Rb2 (41... Kg8 42. Rd8 Kf7 43. Rd7+ Kg8 (43... Kf8 44. Bc5+ Kg8 45. Rd8
Kf7 46. e6+ $18) 44. Re7 Kf8 45. Rxb7 $18) 42. Rd8 {Schwarz gab auf, denn er
verliert eine Figur. Ribli.} (42. Rd8 Rxb3+ 43. Be3 $18 {[%cal Rd8h8]}) 1-0

[Event "VISA GP"]
[Site "Reykjavik"]
[Date "1998.03.15"]
[Round "6"]
[White "Hansen, Curt"]
[Black "Hector, Jonny"]
[Result "1-0"]
[WhiteElo "2595"]
[BlackElo "2505"]
[Annotator "Ribli,Z"]
[PlyCount "79"]
[EventDate "1998.03.10"]
[EventType "swiss"]
[EventRounds "9"]
[EventCountry "ISL"]
[SourceTitle "CBM 064"]
[Source "ChessBase"]
[SourceDate "1998.06.02"]
[SourceVersion "1"]
[SourceVersionDate "1998.06.02"]
[SourceQuality "1"]

1. c4 {Ribli} Nf6 2. Nc3 e5 3. Nf3 Nc6 4. g3 Bc5 {Eine relativ seltene
Fortsetzung. Die Alternativen sind 4...d5 und 4...Bb4.} 5. d3 d6 6. Bg2 h6 {
Das ist ein Sicherungszug gegen Bg5.} 7. O-O O-O 8. a3 a5 {Dieser Zug gefällt
mir nicht, denn der Punkt b5 ist schwach.} (8... a6 {Ich empfehle diesen Zug.
Weiß kann jetzt durch 9.b4 Raum am Damenflügel gewinnen, aber Schwarz hat eine
feste Stellung.} 9. b4 Ba7 10. Bb2 Bg4 11. h3 Be6 12. Kh2 Rb8 13. Nd2 (13. Rc1
Qd7 $13 {Petursson,M-Hjartarson,J Nordic zt 1992 CBM/31}) 13... Qd7 $6 (13...
d5 $5) 14. Nd5 Ne8 15. Qa4 $14 {Timman,J-Karpov,An/FIDE-Wch/1993/CBM38/INF59,
42/}) 9. h3 $5 {Das ist ein nützlicher Abwartezug. Weiß bereitet Kh2 vor, denn
auf g1 steht der König nicht so angenehm wegen des starken schwarzen Läufers
auf der Diagonalen a7-g1.} (9. b3 Nd4 (9... Bf5 10. Bb2 Qd7 11. e3 Bg4 $5 12.
Qc2 Bb6 13. Nd2 Bh3 14. Rac1 Bxg2 15. Kxg2 Nh7 16. Nd5 $14 {+/= Hansen,
C-Sokolov,I/Wijk aan Zee 1994 (22)}) (9... Ba7 $6 10. Bb2 Re8 11. e3 Bg4 12. h3
Bh5 13. Qc2 Qc8 $6 14. Nd2 Ne7 $6 15. Nb5 Bb8 16. c5 $1 $14 {Ribli 1-0 Gulko,
B-Ashley,M/San Francisco 1995 (35)}) 10. Ne1 c6 11. e3 Nf5 12. Ne4 Bb6 13. Bb2
Nxe4 14. dxe4 Ne7 15. a4 Be6 16. Nd3 f6 17. Ba3 Ng6 18. Qe2 Qe7 19. Kh1 Rfd8
20. f4 {1/2-1/2 Gelfand,B-Anand,V/Investbanka 1997}) (9. e3 Bb6 10. b3 Re8 (
10... Bf5 11. h3 Qd7 12. Kh2 Rae8 (12... Bh7) 13. Bb2 Bh7 14. Qd2 e4 15. dxe4
Nxe4 16. Nxe4 Bxe4 $11) 11. Bb2 Bg4 12. h3 Bh5 13. Qc2 Bg6 14. Nd2 Nd7 15. Nd5
Nc5 16. Ne4 Nxe4 17. dxe4 Ne7 18. Nxb6 cxb6 19. Rfd1 Qc7 20. Qd3 Rad8 21. Rac1
f6 22. a4 Qc5 {Khalifman,A-Bareev,E/Wijk 1995/0-1 (79)}) 9... Be6 10. b3 Bb6 (
10... d5 $5 11. cxd5 Nxd5 12. Bb2 Re8 $11) 11. Bb2 Re8 12. e3 {Weiß bereitet
13.d4 vor, wodurch der Läufer b6 eingeschlossen würde.} d5 13. cxd5 Nxd5 14.
Qc2 {Weiß hat eigentlich eine Igelstellung errichtet. Er droht den Plan Na4-c5
oder Ne4-c5 mit Initiative am Damenflügel.} Nxc3 15. Bxc3 $14 {Weiß hat eine
freie Stellung und seine zwei Läufer stehen gut auf den langen Diagonalen.} Bf5
16. Rfd1 Qe7 17. Qb2 {[%cal Gb2h8]} Rad8 18. b4 {Weiß opfert zeitweilig einen
Bauern, gewinnt ihn aber später mit besserer Stellung zurück. Jetzt erkennt
man den Nachteil des 8. schwarzen Zuges!} Rxd3 (18... axb4 19. axb4 f6 20. b5
Nb8 21. d4 (21. Nh4 Bxd3 (21... Bc8) 22. Bxb7 e4 $13) 21... e4 22. Nd2 $14) 19.
Rxd3 Bxd3 20. b5 Na7 21. Bxe5 {[%csl Ra7,Ge5,Rg7] Weiß hat das bessere
Figurenspiel.} f6 (21... Qf8 22. Bxc7 Bxc7 23. b6 $16 {Schwarz hat viele
Felderschwächen am Damenflügel.}) 22. Qb3+ Kh8 23. Bxc7 {Mit dem Partiezug
gewinnt Weiß einen Bauern.} Qxc7 24. Qxd3 {[%csl Yg6,Rh8] Weiß hat nicht nur
einen Mehrbauern, sondern auch Positionsvorteil über die weißen Felder.} Rd8
25. Qb3 Nc8 26. Nh4 {[%csl Rh8][%cal Gh4g6]} Ne7 27. Qf7 {Weiß droht 28.Qxe7
Qxe7 29.Ng6 mit Figurengewinn.} Qe5 {[%cal Re5a1]} 28. Rb1 Bc5 29. Bxb7 $5 {
Weiß gibt seinen a3-Bauern für den b7-Bauern, denn der Freibauer b5 ist dank
der Unterstützung durch den weißen Läufer sehr stark.} (29. a4 b6 $14) 29...
Bxa3 30. b6 $16 Kh7 31. Qc4 {Weiß beabsichtigt mit 32.Qe4 die Damen zu
tauschen.} f5 32. Bg2 {[%csl Gb6][%cal Rb6b7,Rb7b8] Dieses Beispiel zeigt,
wann die Anwesenheit ungleichfarbiger Läufer einen Vorteil für den Angreifer
darstellt.} Rc8 33. Qa4 Bb4 34. b7 {[%csl Gb7]} Rd8 35. Nf3 {Der weiße
Springer steht nicht so gut auf h4, zielt jetzt Richtung Zentrum.} Qc7 36. Nd4
{[%csl Gb7,Gd4,Gg2][%cal Rd4e6,Re6c7,Re6d8]} Qd6 37. Qb5 {[%csl Rf5]} g6 38.
Rc1 {[%csl Gb5,Gc1,Gd4,Gg2] Weiß beherrscht das ganze Brett.} Kg7 39. Rc7 $1
$18 {[%cal Rb7b8]} Kh8 (39... Qxc7 40. Ne6+ $18 {[%cal Re6g7,Re6c7]}) (39...
Rb8 40. Rd7 Qf6 (40... Qc5 41. Qxc5 Bxc5 42. Ne6+ $18 {[%cal Re6g7,Re6c5]} (42.
Nc6 $18 {[%cal Rc6e7,Rc6b8]})) 41. Nc6 $18 {[%cal Rc6b4,Rc6e7,Rc6b8]}) 40. b8=Q
{Und Schwarz gab angesichts des weißen Materialvorteils auf. Ribli.} 1-0

[Event "Bled/Rogaska Slatina"]
[Site "Bled"]
[Date "1991.??.??"]
[Round "8"]
[White "Vaganian, Rafael A"]
[Black "Sokolov, Ivan"]
[Result "0-1"]
[WhiteElo "2585"]
[BlackElo "2570"]
[Annotator "Ribli,Z"]
[PlyCount "78"]
[EventDate "1991.06.??"]
[EventType "tourn"]
[EventRounds "13"]
[EventCountry "SLO"]
[EventCategory "12"]
[SourceTitle "CBM 024"]
[Source "ChessBase"]
[SourceDate "1991.10.01"]
[SourceVersion "1"]
[SourceVersionDate "1991.10.01"]
[SourceQuality "1"]

1. c4 e5 2. Nc3 Nf6 3. Nf3 Nc6 4. g3 Bc5 $5 5. d3 O-O 6. Bg2 d6 7. O-O h6 8. a3
a5 (8... a6 9. b4 Ba7 10. Bb2 Be6 11. Nd2 d5 12. cxd5 Nxd5 13. Rc1 Nxc3 14.
Bxc3 Bd5 15. Bxd5 Qxd5 16. Qb3 Rad8 17. a4 $14 {Lautier,J-Sokolov,I Wijk 1991
CBM/22}) 9. e3 Bf5 10. b3 Qd7 $1 (10... Re8 11. Bb2 Ba7 12. h3 Qd7 13. Kh2 Bh7
14. Nh4 Bb6 15. Rc1 $14 {Ehlvest,J-Renet,O Clermont-Ferrand 1989 CBM/14}) 11.
Bb2 Bb6 12. d4 exd4 13. exd4 Bg4 14. Na4 Ba7 15. Qd2 Rfe8 16. Rae1 d5 $1 17.
Rxe8+ Rxe8 18. Ne5 Ne4 $1 19. Qe1 Nxe5 20. dxe5 Ng5 21. Qxa5 Bf3 $1 22. Qc3 (
22. Qxa7 Qh3 $1 $19) 22... Bxg2 23. Kxg2 dxc4 24. e6 (24. Qxc4 $2 b5 $19) 24...
Nxe6 25. Qf3 Ng5 26. Qd1 Qc6+ 27. f3 cxb3 28. Nc3 Qe6 29. g4 Qc4 30. Re1 Rxe1
31. Qxe1 Bd4 32. h4 Ne6 33. Qe4 Qc5 34. Qe1 Qc4 35. Qe4 Qc5 36. Qe1 Bxc3 37.
Bxc3 Qxa3 38. Qd2 Qd6 39. Qb2 Nf4+ 0-1